000 00676nam a2200229Ia 4500
003 OSt
005 20220925213154.0
006 a|||||r|||| 00| 0
007 ta
008 220923b |||||||| |||| 00| 0 eng d
037 _cGeneral Book
040 _aRTL
_cRTL
_beng
041 _2eng
_aeng
082 _aX65:8DR.30k1.N7, L3
100 _aRockley L E
_9127862
245 0 _aInvestment for profitability
_b An analysis of the p
260 _aLondon
_bBuisness Books UK
_c1973
300 _axiv, 320p. Appendix p. 249-312
_ccm.
650 _aInvestment
942 _hX65:8DR.30k1.N7, L3
_cGB
_2CC
999 _c562201
_d562201